| 000 | 00740nam a2200229 i 4500 | ||
|---|---|---|---|
| 001 | 37267 | ||
| 003 | ES-MaACL | ||
| 005 | 20240429091316.0 | ||
| 007 | t| | ||
| 008 | 030220s1983 sp ||||1| spa d | ||
| 020 | _a84-359-0321-4 | ||
| 100 | 1 |
_aBusto Ogden, Estrella. _932914 |
|
| 245 | 1 | 3 |
_aEl creacionismo de Vicente Huidobro en sus relaciones con la estética cubista / _cEstrella Busto Ogden. |
| 260 |
_a[Madrid : _bPlayor, _c1983] |
||
| 300 |
_a190 p. : _bil. ; _c19 cm. |
||
| 490 | 1 | _aNova scholar | |
| 504 | _aBibliografía: p. 187-190. | ||
| 600 | 1 | 4 |
_aHuidobro, Vicente, _d1893-1948- _xCrítica e interpretación _964671 |
| 830 | 0 |
_aNova scholar _9181704 |
|
| 852 |
_aES-MaACL _jL-9165 _bR.108785 |
||
| 999 |
_c37267 _d37267 |
||